00935 2200301 4500001002100000005001500021035002500036008004100061020002200102040001700124082001600141084001800157090002200175090002200197100003100219245012600250250001100376260004100387300004300428504003400471650002100505700002600526850001200552007000300564999002200567990002200589990002200611INLIS00000000000345220200624095313 a0010-041500000000518150408s2014 yoia g ind d a978-602-229-354-5 aYOPDYOGbind04222a370.114 a370.114 NYO p aDEP 370.114 NYO p aCB-D.11 2014-15240 aNyoman Kutha Ratnad1944 -00aPeranan karya sastra, seni dan budaya dalam pendidikan karakter /cNyoman Kutha Ratna ; penyunting, Ni Made Diana Erfiani aCet. 13 aYogyakarta :bPustaka Pelajar,c2014 axvi, 756 halaman :bilustrasi ;c23 cm aBibliografi : halaman 677-691 4aPendidikan moral0 aNi Made Diana Erfiani aYOPDYOGta aCB-D.11/2014-1524 aCB-D.11/2014-1524 aCB-D.11/2014-1524